5HLuxD.jpg

KING HENRY VIII SENIOR AND PRIMARY SCHOOL LIBRARY OPAC

Eyes open : (Record no. 2528)

000 -LEADER
fixed length control field 03233pam a2200757 i 4500
001 - CONTROL NUMBER
control field 020340216
003 - CONTROL NUMBER IDENTIFIER
control field UkOxU
005 - DATE AND TIME OF LATEST TRANSACTION
control field 20241119100257.0
006 - FIXED-LENGTH DATA ELEMENTS--ADDITIONAL MATERIAL CHARACTERISTICS
fixed length control field g||| | |q v|
006 - FIXED-LENGTH DATA ELEMENTS--ADDITIONAL MATERIAL CHARACTERISTICS
fixed length control field innnnj n
006 - FIXED-LENGTH DATA ELEMENTS--ADDITIONAL MATERIAL CHARACTERISTICS
fixed length control field m jq |
007 - PHYSICAL DESCRIPTION FIXED FIELD--GENERAL INFORMATION
fixed length control field vd cvaizu
007 - PHYSICAL DESCRIPTION FIXED FIELD--GENERAL INFORMATION
fixed length control field sd fungnnmmned
007 - PHYSICAL DESCRIPTION FIXED FIELD--GENERAL INFORMATION
fixed length control field co nga---uuuuu
007 - PHYSICAL DESCRIPTION FIXED FIELD--GENERAL INFORMATION
fixed length control field cr |||||||||||
007 - PHYSICAL DESCRIPTION FIXED FIELD--GENERAL INFORMATION
fixed length control field ta
008 - FIXED-LENGTH DATA ELEMENTS--GENERAL INFORMATION
fixed length control field 150211m20159999enka 000|0 eng d
020 ## - INTERNATIONAL STANDARD BOOK NUMBER
International Standard Book Number 9781107467644
Qualifying information Student's book with online workbook and online practice
035 ## - SYSTEM CONTROL NUMBER
System control number (UK-WkNB)9781107467750
035 ## - SYSTEM CONTROL NUMBER
System control number (StEdALDL)1/3315365
040 ## - CATALOGING SOURCE
Original cataloging agency UK-WkNB
Language of cataloging eng
Description conventions rda
Transcribing agency UK-WkNB
Modifying agency UkOxU
-- KH8
042 ## - AUTHENTICATION CODE
Authentication code ukscp
049 ## - LOCAL HOLDINGS (OCLC)
Holding library CROBAR
082 04 - DEWEY DECIMAL CLASSIFICATION NUMBER
Classification number 428.24 BEN
100 1# - MAIN ENTRY--PERSONAL NAME
Personal name Goldstein, Ben,
Relator term author.
245 10 - TITLE STATEMENT
Title Eyes open :
Remainder of title Student's book with online workbook,
Number of part/section of a work 3 /
Statement of responsibility, etc. Ben Goldstein
264 #1 - PRODUCTION, PUBLICATION, DISTRIBUTION, MANUFACTURE, AND COPYRIGHT NOTICE
Place of production, publication, distribution, manufacture Cambridge, United Kingdom :
Name of producer, publisher, distributor, manufacturer Cambridge University Press,
Date of production, publication, distribution, manufacture, or copyright notice 2015-
264 #4 - PRODUCTION, PUBLICATION, DISTRIBUTION, MANUFACTURE, AND COPYRIGHT NOTICE
Date of production, publication, distribution, manufacture, or copyright notice ©2015
300 ## - PHYSICAL DESCRIPTION
Extent 5 volumes :
Other physical details illustrations ;
Dimensions 30 cm +
Accompanying material 1 DVD + 1 DVD-ROM + 3 audio CDs + online resources
336 ## - CONTENT TYPE
Content type term text
Source rdacontent
336 ## - CONTENT TYPE
Content type term spoken word
Source rdacontent
336 ## - CONTENT TYPE
Content type term two-dimensional moving image
Source rdacontent
336 ## - CONTENT TYPE
Content type term computer dataset
Source rdacontent
337 ## - MEDIA TYPE
Media type term unmediated
Source rdamedia
337 ## - MEDIA TYPE
Media type term audio
Source rdamedia
337 ## - MEDIA TYPE
Media type term video
Source rdamedia
337 ## - MEDIA TYPE
Media type term computer
Source rdamedia
338 ## - CARRIER TYPE
Carrier type term volume
Source rdacarrier
338 ## - CARRIER TYPE
Carrier type term audio disc
Source rdacarrier
338 ## - CARRIER TYPE
Carrier type term videodisc
Source rdacarrier
338 ## - CARRIER TYPE
Carrier type term computer disc
Source rdacarrier
338 ## - CARRIER TYPE
Carrier type term online resource
Source rdacarrier
344 ## - SOUND CHARACTERISTICS
Type of recording digital
Recording medium optical
Source rda
347 ## - DIGITAL FILE CHARACTERISTICS
File type text file
Source rda
347 ## - DIGITAL FILE CHARACTERISTICS
File type audio file
Encoding format CD audio
Source rda
347 ## - DIGITAL FILE CHARACTERISTICS
File type video file
Source rda
347 ## - DIGITAL FILE CHARACTERISTICS
File type data file
Source rda
366 ## - TRADE AVAILABILITY INFORMATION
Detailed date of publication 20150528
Availability status code IP 20150526
Publishers's discount category ACUPRE
ISO country code GB
MARC country code xxk
Identification of agency Cambridge University Press
Source of availability status code UK-WkNB
440 ## - SERIES STATEMENT/ADDED ENTRY--TITLE
Title Eyes Open
Volume/sequential designation 3
500 ## - GENERAL NOTE
General note "Discovery education."
500 ## - GENERAL NOTE
General note Includes online access.
500 ## - GENERAL NOTE
General note Student's book is available for purchase both on its own and with supporting online workbook and online practice.
500 ## - GENERAL NOTE
General note Workbook purchase includes access to online resources.
500 ## - GENERAL NOTE
General note Combo A and B student's books each include half the units from both the student's book and the workbook, with online workbooks and online practice.
500 ## - GENERAL NOTE
General note Accompanying Class audio CDs by Ben Goldstein, Ceri Jones & Vicki Anderson with Eoin Higgins include the complete audio programme of the Student's book and Workbook to support listening comprehension.
500 ## - GENERAL NOTE
General note Accompanying video DVD contains 32 videos, including interviews with native speakers.
500 ## - GENERAL NOTE
General note Accompanying DVD-ROM includes class presentation software, fully interactive versions of Student's book and Workbook, answer keys, full video and audio content and scripts for each level.
505 0# - FORMATTED CONTENTS NOTE
Formatted contents note Teacher's book -- Student's book -- Workbook - Combo A student's book -- Combo B student's book.
521 ## - TARGET AUDIENCE NOTE
Target audience note Part 3 of a 4-level course for lower-secondary students.
588 ## - SOURCE OF DESCRIPTION NOTE
Source of description note Description based on Teacher's book.
650 #0 - SUBJECT ADDED ENTRY--TOPICAL TERM
Topical term or geographic name entry element English language
General subdivision Study and teaching (Secondary)
700 1# - ADDED ENTRY--PERSONAL NAME
Personal name Jones, Ceri,
Dates associated with a name 1965-
Relator term author
700 1# - ADDED ENTRY--PERSONAL NAME
Personal name Anderson, Vicki.
Relator term author
700 1# - ADDED ENTRY--PERSONAL NAME
Personal name Higgins, Eoin
Relator term author
942 ## - ADDED ENTRY ELEMENTS (KOHA)
Source of classification or shelving scheme
Koha item type Teaching Resources
Holdings
Withdrawn status Lost status Source of classification or shelving scheme Damaged status Not for loan Collection code Permanent Location Current Location Shelving location Date acquired Full call number Barcode Date last seen Price effective from Koha item type
          Teaching Resources KH8 Senior School Library KH8 Senior School Library Staff Office 2024-01-03 428.24 BEN TRKHSL002204 2024-01-03 2024-01-03 Teaching Resources
          Teaching Resources KH8 Senior School Library KH8 Senior School Library Staff Office 2024-01-03 428.24 BEN TRKHSL002205 2024-01-03 2024-01-03 Teaching Resources
          Teaching Resources KH8 Senior School Library KH8 Senior School Library Staff Office 2024-01-03 428.24 BEN TRKHSL005171 2024-01-03 2024-01-03 Teaching Resources
          Teaching Resources KH8 Senior School Library KH8 Senior School Library Staff Office 2024-01-03 428.24 BEN TRKHSL002206 2024-01-03 2024-01-03 Teaching Resources
          Teaching Resources KH8 Senior School Library KH8 Senior School Library Staff Office 2024-01-03 428.24 BEN TRKHSL002207 2024-01-03 2024-01-03 Teaching Resources
          Teaching Resources KH8 Senior School Library KH8 Senior School Library Staff Office 2024-01-03 428.24 BEN TRKHSL002208 2024-01-03 2024-01-03 Teaching Resources
          Teaching Resources KH8 Senior School Library KH8 Senior School Library Staff Office 2024-11-19 428.24 BEN TRKHSL006182 2024-11-19 2024-11-19 Teaching Resources

Powered By KH8 IT Dept